Normal view
MARC view
- Said E W
Entry Personal Name
001 - CONTROL NUMBER
- control field: 206082
003 - CONTROL NUMBER IDENTIFIER
- control field: OSt
005 - DATE AND TIME OF LATEST TRANSACTION
- control field: 20240313154612.0
008 - FIXED-LENGTH DATA ELEMENTS
- fixed length control field: 240313|| aca||aabn | a|a d
040 ## - CATALOGING SOURCE
- Original cataloging agency: OSt
- Transcribing agency: OSt
100 ## - HEADING--PERSONAL NAME
- Personal name: Said E W
670 ## - SOURCE DATA FOUND
- Source citation: Work cat.: (OSt)357587: Said E W., Orientalism: Westeern Conceptions Of The Orient, 2001